000 00576nam a2200229Ia 4500
003 OSt
005 20220918202858.0
006 a|||||r|||| 00| 0
007 ta
008 220917b |||||||| |||| 00| 0 eng d
024 _a104,534
037 _cTextual
040 _aARTS
_cARTS
_beng
041 _2eng
_aeng
082 _aV3:17:N3, H9
100 _aHinden R
_9105710
245 0 _aEmpire and after
_b study British imperial attitudes
260 _c1949
650 _aHISTORY
942 _hV3:17:N3, H9
_cTEXL
_2CC
999 _c227896
_d227896